000 00205nam a22000857a 4500
008 161206b xxu||||| |||| 00| 0 eng d
100 _91861
_aNCERT
245 _aMath Magic - IV
260 _aNew Delhi
_bNCERT
_c2006
999 _c4607
_d4607